Normal view
MARC view
- OBJECT ORIENTED ANALYSIS AND DESIGN AND THE UNIFIED PROCESS; UML AND PATTERNS
Entry Topical Term
001 - CONTROL NUMBER
- control field: 60694
003 - CONTROL NUMBER IDENTIFIER
- control field: NUST
005 - DATE AND TIME OF LATEST TRANSACTION
- control field: 20210628202616.0
008 - FIXED-LENGTH DATA ELEMENTS
- fixed length control field: 210628|| aca||aabn | a|a d
040 ## - CATALOGING SOURCE
- Original cataloging agency: NUST
- Transcribing agency: NUST
150 ## - HEADING--TOPICAL TERM
- Topical term or geographic name entry element: OBJECT ORIENTED ANALYSIS AND DESIGN AND THE UNIFIED PROCESS; UML AND PATTERNS
670 ## - SOURCE DATA FOUND
- Source citation: Work cat.: (NUST): Larman, Craig 60693, Applying uml and patterns an introduction to object oriented analysis and design and the unified process, 2002
